Statistics for Anagram Chain - US States

Click here to take the quiz!

General Stats

  • This quiz has been taken 1,690 times
  • The average score is 15 of 24

Answer Stats

HintAnswer% Correct
Newest ->HAWAII
99%
Remove W, H; Add D, Nx2INDIANA
88%
Remove A, N, D; Add G, R, I, VVIRGINIA
87%
Remove G, R , Ix3; Add D, E, ANEVADA
78%
Remove D, V; Add K, R, S, BNEBRASKA
76%
Remove R, AKANSAS
76%
Remove N, S; Add L, AALASKA
76%
Remove K, S; Add A, M, BALABAMA
76%
Remove B, E; Add S, AARKANSAS
75%
Remove B, Ax2; Add D, R, Y, NMARYLAND
70%
Remove H, E, D, I, N, S; Add C, Ox2COLORADO
61%
Remove D, O, R, C; Add A, M, K, HOKLAHOMA
55%
Remove A, M, Y; Add D, E, I, S, H, ORHODE ISLAND
52%
Remove M, L; Add N, R, D, Tx2NORTH DAKOTA
51%
Remove D, L, F; Add E, Gx2GEORGIA
51%
Remove T, K, D; Add C, R, I, L, NNORTH CAROLINA
50%
Remove A, W; Add H, OOHIO
50%
Remove O; Add A, DIDAHO
50%
Remove A, N, I, C; Add DFLORIDA
49%
Remove T, R, O, N, H; Add F, ICALIFORNIA
48%
Remove R, E, Gx2; Add WIOWA
48%
Remove H, O, D; Add N, E, MMAINE
48%
Remove E; Add G, H, I, CMICHIGAN
45%
Remove N, G, C, M; Add W, AHAWAII
41%

Score Distribution

Percentile by Number Answered

Percent of People with Each Score

Your Score History

You have not taken this quiz